MARC

LEADER 00000nam0a2200000 4500
001 339465
005 20231102005139.0
035 |a (RuTPU)RU\TPU\book\365980 
090 |a 339465 
100 |a 20171221d1961 km y0rusy50 ca 
101 1 |a rus  |c pol 
102 |a RU 
105 |a a z 001zy 
200 1 |a Технология связанного азота. Синтетический аммиак  |e пер. с пол.  |f Е. Бласяк [и др.] 
210 |a Москва  |c Госхимиздат  |d 1961 
215 |a 623 с.  |c ил. 
320 |a Библиография в конце глав 
606 1 |a Аммиак синтетический  |x Производство  |2 stltpush  |3 (RuTPU)RU\TPU\subj\32189  |9 54816 
610 1 |a газовые смеси 
610 1 |a получение 
610 1 |a очистка 
610 1 |a разделение 
610 1 |a синтез-газ 
610 1 |a глубокое охлаждение 
610 1 |a сжижение 
610 1 |a синтез 
610 1 |a аппаратура 
675 |a 661.53  |v 4 
701 1 |a Бласяк  |b Е. 
701 1 |a Лайдлер  |b К. 
701 1 |a Павликовский  |b С. 
701 1 |a Соболевский  |b Я. 
801 1 |a RU  |b 63413507  |c 20171221 
801 2 |a RU  |b 63413507  |c 20190623  |g RCR 
942 |c BK